000 00307nam a22001337a 4500
008 170127b xxu||||| |||| 00| 0 eng d
020 _a9780763800932
041 _aeng
080 _a61
100 _a3
101 _aSHM
245 _aMEDICAL TERMINOLOGY FOR HEALTH CAREERS
_cETTINGER, A.G
942 _2udc
_cBK
999 _c3928
_d3928